北緯35度線が通過する市町村 - Statistics

General Stats
  • This quiz has been taken 164 times
  • The average score is 37 of 57
Answer Stats
都道府県名 自治体名 % Correct
静岡県 浜松市
92%
静岡県 静岡市
91%
京都府 京都市
89%
滋賀県 大津市
88%
滋賀県 草津市
85%
静岡県 伊豆市
84%
愛知県 岡崎市
84%
愛知県 豊田市
84%
大阪府 能勢町
83%
千葉県 館山市
82%
静岡県 伊東市
81%
静岡県 伊豆の国市
81%
三重県 四日市市
81%
千葉県 南房総市
79%
静岡県 沼津市
78%
愛知県 新城市
75%
滋賀県 甲賀市
75%
京都府 亀岡市
74%
岡山県 津山市
74%
兵庫県 姫路市
73%
静岡県 島田市
71%
兵庫県 丹波篠山市
71%
兵庫県 三田市
69%
広島県 庄原市
68%
静岡県 藤枝市
67%
静岡県 川根本町
67%
愛知県 安城市
67%
愛知県 刈谷市
67%
滋賀県 栗東市
67%
岡山県 新見市
66%
広島県 三次市
66%
愛知県 東海市
64%
兵庫県 加東市
64%
兵庫県 西脇市
64%
兵庫県 加西市
64%
島根県 大田市
62%
愛知県 大府市
61%
愛知県 知多市
61%
島根県 江津市
61%
愛知県 知立市
60%
岡山県 美作市
59%
滋賀県 湖南市
58%
兵庫県 宍粟市
56%
三重県 菰野町
53%
兵庫県 たつの市
53%
岡山県 真庭市
53%
兵庫県 猪名川町
51%
兵庫県 佐用町
50%
愛知県 東浦町
43%
滋賀県 日野町
43%
兵庫県 福崎町
43%
島根県 川本町
37%
兵庫県 多可町
36%
兵庫県 市川町
33%
島根県 飯南町
33%
岡山県 美咲町
30%
島根県 美郷町
27%
No matching quizzes found
Score Distribution
Percent of People with Each Score
Percentile by Number Answered
Your Score History
You have not taken this quiz